Atlas ČSSR

Podrobná bibliografia
Médium: Kniha
Jazyk:slovenčina
Fyzický popis:50, 12, [2] s. 4°
Vydavateľské údaje: Praha Geodetický a kartografický podnik 1987
Vydanie:4. nezm. vyd.
Predmet:

MARC

LEADER 00000nam a2200000 a 4500
001 vtls001059078
003 SK-MaSNL
005 20260301152805.0
008 251124s1987 xr 0 slo
035 |a SNK000001896 
040 |a SNK  |b slo  |c SNK  |e AACR2 
041 0 |a slo 
044 |a CZ 
080 |a 912(437)  |2 1981 
245 1 |a Atlas ČSSR 
250 |a 4. nezm. vyd. 
260 |a Praha  |b Geodetický a kartografický podnik  |e Harmanec  |f VKÚ  |c 1987 
300 |a 50, 12, [2] s.  |c 4° 
650 0 7 |a atlasy zemepisné školské  |2 SNK  |9 513674 
651 7 |a ČSSR  |x atlasy zemepisné školské  |2 SNK  |9 513675 
958 |a RK 
958 |a OND 
999 |c 790147  |d 792077 
952 |t P60, <03>, [BOOK], {603}  |a SNK  |b SNK  |y PREZ  |7 0  |p 17A0843859  |o snkSB 42579  |i snkKIP 13031/87  |0 0  |1 0  |4 0  |d 1995-09-05  |f 1  |l 0  |r 2025-05-09 00:00:00  |w 2026-02-24 
952 |t P60, <04>, [BOOK], {604}  |a SNK  |b SNK  |y VYP  |7 0  |p 17A0157937  |o snkSB 42579 D1  |i snkKIP 13032/87  |0 0  |1 0  |4 0  |d 1998-08-26  |l 0  |r 2004-12-31 00:00:00  |w 2026-02-24